| 000 | 00590nam a22001937a 4500 | ||
|---|---|---|---|
| 003 | OSt | ||
| 005 | 20140310182208.0 | ||
| 008 | 121210t xxu||||| |||| 00| 0 eng d | ||
| 020 | _a971542094x | ||
| 050 |
_aHC 455 _b.C822 1997 |
||
| 082 |
_aFIL 330.9 _bC817 1997 |
||
| 100 |
_aCorpuz, O.D. _916616 |
||
| 245 |
_aAn Economic history of the Philippines / _cO.D. Corpuz |
||
| 260 |
_aQuezon City : _bUniversity of the Philippines Press, _cc1997. |
||
| 300 |
_a312 p. : _c26 cm. |
||
| 650 |
_a Philippines _xEconomic conditions _y1560-1940 _916617 |
||
| 942 |
_2lcc _cBK-FIL |
||
| 999 |
_c10399 _d10399 |
||